[Event "TCh-CAT Gp1 2018"]
[Site "Barcelona ESP"]
[Date "2018.01.20"]
[Round "1.2"]
[White "Trepat Herranz, Joan"]
[Black "Gonzalez Rodriguez, Jorge A."]
[Result "0-1"]
[WhiteTitle "FM"]
[BlackTitle "IM"]
[WhiteElo "2380"]
[BlackElo "2271"]
[WhiteTeam "LLEIDA C.E."]
[BlackTeam "FIGUERES C.E."]
[WhiteFideId "2257459"]
[BlackFideId "4400240"]
[EventDate "2018.01.20"]

1. d4 Nf6 2. c4 e6 3. Nc3 Bb4 4. e3 b6 5. Ne2 Bb7 6. a3 Be7 7. Nf4 O-O 8. Bd3 c5
9. d5 e5 10. Nfe2 d6 11. O-O g6 12. f4 exf4 13. exf4 Nbd7 14. h3 Ne8 15. g4 Bh4
16. Be3 Ng7 17. Qd2 f5 18. g5 h6 19. gxh6 Nh5 20. Kh2 Kh7 21. Rg1 Qe7 22. Raf1
Rae8 23. Nd1 Ndf6 24. Nec3 Bc8 25. Rg2 Ne4 26. Nxe4 fxe4 27. Be2 Qf6 28. Rfg1
Nxf4 29. Bxf4 Qxf4+ 30. Qxf4 Rxf4 31. Rxg6 Bf6 32. R6g2 Bd4 33. Re1 Be5 34. Kh1
Bxh3 35. Rf2 Rh4 36. Ne3 Rg8 37. Rf7+ Kxh6 0-1

[Event "TCh-CAT Gp1 2018"]
[Site "Barcelona ESP"]
[Date "2018.01.20"]
[Round "1.9"]
[White "Chalmeta Ugas, Jordi"]
[Black "Garcia-Castany Musellas, Gal.la"]
[Result "1/2-1/2"]
[BlackTitle "WFM"]
[WhiteElo "2164"]
[BlackElo "2172"]
[WhiteTeam "FOMENT MARTINENC C.E."]
[BlackTeam "COLON SABADELL CHESSY"]
[WhiteFideId "2252724"]
[BlackFideId "2241803"]
[EventDate "2018.01.20"]

1. d4 Nf6 2. c4 e6 3. Nc3 Bb4 4. Qc2 d5 5. cxd5 exd5 6. Bg5 Qd6 7. e3 O-O 8. Bd3
h6 9. Bf4 Qe7 10. Ne2 Nc6 11. a3 Bd6 12. O-O a6 13. Bxd6 Qxd6 14. Ng3 Ng4 15.
Bf5 Bxf5 16. Qxf5 Nf6 17. Nh5 Nxh5 18. Qxh5 Ne7 19. Na4 Nc6 20. Rac1 Nd8 21. Nc5
Rb8 22. Rc3 Ne6 23. Nd3 Rbd8 24. Rfc1 c6 25. Ne5 Ng5 26. f3 Qe7 27. h4 Nh7 28.
Qg4 Nf6 29. Qg3 Nd7 30. Ng4 Kh8 31. Qc7 Qxh4 32. Qxb7 f5 33. Nf2 Nb8 34. Nd3 Rd6
35. Ne5 Rdf6 36. Nxc6 Nxc6 37. Rxc6 Qg5 38. Qe7 Kh7 39. Qe5 Rxc6 40. Rxc6 Qh4
41. Rc1 Qg5 42. Rc7 Rf6 43. Qe7 Qg6 44. Kf2 f4 45. exf4 Rxf4 46. Qe5 Rh4 47.
Qxd5 Rh2 48. Qe4 Rxg2+ 49. Ke3 Rxb2 50. Qxg6+ Kxg6 51. Rc6+ Kf5 52. Rxa6 Rb3+
53. Ke2 h5 54. Ra5+ Kf4 55. Rxh5 Rxa3 56. Rh4+ Kf5 57. Re4 g5 58. Re3 Ra2+ 59.
Kd3 Ra3+ 60. Kd2 Ra2+ 61. Kc3 Ra3+ 62. Kd2 Ra2+ 63. Ke1 Kf4 64. Rd3 g4 65. fxg4
Kxg4 66. d5 Kf5 67. d6 Ra8 68. Kd2 Ke6 69. Kc3 Ra3+ 70. Kc4 Rxd3 71. Kxd3 Kxd6 1/2-1/2

[Event "TCh-CAT Gp1 2018"]
[Site "Barcelona ESP"]
[Date "2018.02.03"]
[Round "3.4"]
[White "Boix Moreno, Daniel"]
[Black "Busquets Prat, Rafael"]
[Result "1/2-1/2"]
[WhiteTitle "FM"]
[WhiteElo "2237"]
[BlackElo "2248"]
[WhiteTeam "TRES PEONS C.E."]
[BlackTeam "OLOT"]
[WhiteFideId "2207249"]
[BlackFideId "2207125"]
[EventDate "2018.01.20"]

1. e4 c5 2. Nf3 Nc6 3. Bb5 g6 4. O-O Bg7 5. Re1 Nf6 6. e5 Nd5 7. Nc3 Nxc3 8.
dxc3 O-O 9. Bg5 a6 10. Bxc6 bxc6 11. Qd2 f6 12. exf6 Bxf6 13. Bxf6 Rxf6 14. Qe3
e6 15. Qxc5 Rb8 16. b3 d6 17. Rad1 e5 18. Qxe5 Bg4 19. Qe7 Bxf3 20. gxf3 Qf8 21.
Re3 Rb5 22. Qxf8+ Kxf8 23. Rd4 Ra5 24. a4 Rg5+ 25. Rg4 Rd5 26. Rge4 Rf7 27. Kg2
Rd2 28. Re2 Rd5 29. Re8+ Kg7 30. R8e7 Rg5+ 31. Kh1 Rf5 32. Rxf7+ Kxf7 33. Re3
Kf6 34. h3 h6 35. Kh2 Kf7 36. f4 Rxf4 37. Kg3 Rf5 38. Rf3 Ke6 39. Rxf5 Kxf5 40.
Kf3 d5 41. a5 g5 42. Kg3 h5 43. h4 g4 44. f3 gxf3 45. Kxf3 Ke5 46. Ke3 Kf5 47.
Kf3 Ke5 48. Ke3 Kf5 49. Kf3 Ke5 1/2-1/2

[Event "TCh-CAT Gp1 2018"]
[Site "Barcelona ESP"]
[Date "2018.03.03"]
[Round "7.1"]
[White "Peralta, Fernando"]
[Black "Cervello Tost, Ferran"]
[Result "1-0"]
[WhiteTitle "GM"]
[BlackTitle "FM"]
[WhiteElo "2559"]
[BlackElo "2304"]
[WhiteTeam "ESCOLA D'ESCACS DE BARCELONA"]
[BlackTeam "PEONA I PEO, C.E."]
[WhiteFideId "105309"]
[BlackFideId "32006985"]
[EventDate "2018.01.20"]

1. d4 d5 2. c4 e5 3. e3 exd4 4. exd4 Nf6 5. Nc3 Bb4 6. Bd3 O-O 7. Ne2 Bg4 8. O-O
Nc6 9. Bg5 Be7 10. h3 dxc4 11. Bxc4 Bxe2 12. Nxe2 Nd5 13. Be3 Bf6 14. a3 Nce7
15. Qd3 Qd6 16. Rad1 c6 17. Bc1 Rad8 18. Ng3 Qd7 19. Ne4 Ng6 20. f4 Nb6 21.
Nxf6+ gxf6 22. f5 Ne7 23. Ba2 Nbd5 24. Bh6 Kh8 25. Bxf8 Rxf8 26. Rde1 Rg8 27.
Qf3 Qd6 28. Bxd5 Nxd5 29. Re4 Rg5 30. Rfe1 Qg3 31. Qxg3 Rxg3 32. Rg4 Re3 33.
Rxe3 Nxe3 34. Re4 Nxf5 35. Rf4 Ne3 36. Rxf6 Kg7 37. Rf2 Kg6 38. Re2 Nf5 39. Re4
Kf6 40. Kf2 Nd6 41. Re2 a5 42. a4 Nf5 43. Re4 Nd6 44. Rf4+ Ke6 45. Ke2 b5 46.
Rh4 Nf5 47. Re4+ Kf6 48. Kd3 Nd6 49. Rf4+ Kg6 50. Rg4+ Kf6 51. Rg8 bxa4 52. Ra8
Ke6 53. Rxa5 Nb5 54. Rxa4 Kd5 55. Rc4 1-0

[Event "TCh-CAT Gp1 2018"]
[Site "Barcelona ESP"]
[Date "2018.03.03"]
[Round "7.1"]
[White "Alvarez Pedraza, Aramis"]
[Black "Jerez Perez, Alfonso"]
[Result "0-1"]
[WhiteTitle "GM"]
[BlackTitle "IM"]
[WhiteElo "2470"]
[BlackElo "2435"]
[WhiteTeam "LLEIDA C.E."]
[BlackTeam "FOMENT MARTINENC C.E."]
[WhiteFideId "3507408"]
[BlackFideId "2204100"]
[EventDate "2018.01.20"]

1. c4 Nf6 2. Nc3 d5 3. cxd5 Nxd5 4. g3 g6 5. Bg2 Nb6 6. d3 Bg7 7. Be3 Nc6 8.
Bxc6+ bxc6 9. Qd2 h5 10. Nf3 Bh3 11. Ng5 Bg2 12. Rg1 Bd5 13. h4 f6 14. Nge4 f5
15. Ng5 e5 16. f3 Qf6 17. Bc5 O-O-O 18. a4 Kb8 19. a5 Nd7 20. Bf2 Bf8 21. b4 Bg8
22. Rb1 Ka8 23. Qe3 c5 24. b5 e4 25. dxe4 Ne5 26. Nd5 Bxd5 27. exd5 Rxd5 28. f4
Ng4 29. Qf3 c6 30. bxc6 Qxc6 31. Nf7 c4 32. Qc3 Rh7 33. Qb2 Qc7 34. Ng5 Re7 35.
Bd4 Re8 36. a6 Qa5+ 37. Bc3 Qxa6 38. Ne6 Rd7 39. Nxf8 Rxf8 40. e4 Qc6 41. Qg2
Rd3 42. Rc1 Re3+ 43. Kf1 Rd8 44. Qc2 Qc5 0-1